000 00892nas a2200301 4500
001 BR0504527
003 BR-BrBNA
005 20231205105602.0
007 ta
008 230509b bl.|||p| |||| 00| 00por d
040 _aBR-BrBNA
_bpor
_cBiblioteca Nacional de Agricultura
041 _a(Pt)
072 _aF03
100 1 _aNascimento, W.M.
245 1 _aCondicionamento osmótico de sementes de hortaliças visando a germinação em condições de temperaturas baixas
650 _aBERINJELA
650 _aMELANCIA
650 _aMELÃO
650 _aTOMATE
650 _aSEMENTE
650 _aPODER GERMINATIVO
650 _aOSMOSE
650 _aTEMPERATURA
650 _aDISTRITO FEDERAL
773 0 _tHorticultura Brasileira (Brazil)
_xISSN 0102-0536
_g(Apr-Jun 2005), v. 23(2) p. 211-214
_wBR0504527
909 _a202311
_bLúcia
_c55
_dLúcia Elande
942 _2AGRIS
_n0
_cANA
999 _c183664
_d183664